000 00233 a2200097 4500
001 26413
100 _aPunjab university
245 _aUrdu encychpacdia of Islam Vol XVI/17
260 _a
_bPunjab university
_c
090 _c17750
_d17750
942 _aNUST-CAE
_cM
_c8614
999 _c261486
_d261486